skbl

Dr Suryya Kumar Bhuyan Library Web-OPAC
ডঃ সূৰ্য্য
কুমাৰ ভূঞা পুথিভঁৰাল ৱেব-অ'পেক

All Research Scholars are advised to clear the annual library fees to continue using Library Resources, Remote Access, Plagiarism Test and Library Clearance.

Cotton University Book Fair 2026

Microbiology / (Record no. 3171)

MARC details
000 -LEADER
fixed length control field 00803nam a2200277Ia 4500
001 - CONTROL NUMBER
control field 3183
005 - DATE AND TIME OF LATEST TRANSACTION
control field 20240113233617.0
007 - PHYSICAL DESCRIPTION FIXED FIELD--GENERAL INFORMATION
fixed length control field ta
008 - FIXED-LENGTH DATA ELEMENTS--GENERAL INFORMATION
fixed length control field 050407s1996 a g b000 u eng u
020 ## - INTERNATIONAL STANDARD BOOK NUMBER
Terms of availability HB
040 ## - CATALOGING SOURCE
Original cataloging agency Cotton College Assam
041 ## - LANGUAGE CODE
Language code of text/sound track or separate title eng
082 ## - DEWEY DECIMAL CLASSIFICATION NUMBER
Classification number 576
Item number Pe 362 Mi
100 ## - MAIN ENTRY--PERSONAL NAME
Personal name Pelczar, M.J..
245 #0 - TITLE STATEMENT
Title Microbiology /
Statement of responsibility, etc. M.J. Pelczar, E C S Chan & Noel R. Krieg.
Medium Textual Documents
250 ## - EDITION STATEMENT
Edition statement 5th ed. /
260 ## - PUBLICATION, DISTRIBUTION, ETC.
Place of publication, distribution, etc. New Delhi :
Name of publisher, distributor, etc. Tata Mcgraw-Hill Pub ,
Date of publication, distribution, etc. 1996.
300 ## - PHYSICAL DESCRIPTION
Extent 918p. :
Other physical details ill ;
Dimensions 24 cm. .
500 ## - GENERAL NOTE
General note Replaced against 352/bot fundamental of Microbiology and immunology. by banerjee & Banerjee
504 ## - BIBLIOGRAPHY, ETC. NOTE
Bibliography, etc. note Glossary Index .
653 ## - INDEX TERM--UNCONTROLLED
Uncontrolled term Microbiology
942 ## - ADDED ENTRY ELEMENTS (KOHA)
Source of classification or shelving scheme Dewey Decimal Classification
Koha item type Books
Holdings
Withdrawn status Lost status Damaged status Not for loan Collection Home library Current library Date acquired Coded location qualifier Total checkouts Full call number Barcode Date last seen Copy number Price effective from Koha item type
          Dr. Suryya Kumar Bhuyan Library Dr. Suryya Kumar Bhuyan Library 01/02/2012 00000   576 Pe 362 Mi 634/Bot 13/01/2024 1 01/02/2012 Books
          Dr. Suryya Kumar Bhuyan Library Dr. Suryya Kumar Bhuyan Library 01/02/2012 00000   576 Pe 362 Mi 352/Bot 13/01/2024 2 01/02/2012 Books

Designed and Maintained by Team SKBL
©1901-2026

Powered by Koha